Central Library OPAC University of Rajshahi

শিক্ষা ; (Record no. 45202)

MARC details
000 -LEADER
fixed length control field 00969nam a2200241 a 4500
001 - CONTROL NUMBER
control field 45202
003 - CONTROL NUMBER IDENTIFIER
rucl marc code BD-RjUL
005 - DATE AND TIME OF LATEST TRANSACTION
control field 20211209053958.0
008 - FIXED-LENGTH DATA ELEMENTS--GENERAL INFORMATION
fixed length control field 180411s1951 pk 00100 ben d
020 ## - INTERNATIONAL STANDARD BOOK NUMBER
Terms of availability : PRs. 4.50
035 ## - SYSTEM CONTROL NUMBER
System control number (BD-RjUL)45320
040 ## - CATALOGING SOURCE
Original cataloging agency ANL
Language of cataloging eng
Transcribing agency ANL
Modifying agency BD-RjUL
041 ## - LANGUAGE CODE
Language code of text/sound track or separate title eng
082 ## - DEWEY DECIMAL CLASSIFICATION NUMBER
Edition number 23
Classification number 370.1
Author mark and year SES 1951
100 1# - MAIN ENTRY--PERSONAL NAME
Personal name সেনগুপ্ত, রমণীরঞ্জন
9 (RLIN) 221115
245 10 - TITLE STATEMENT
Title শিক্ষা ;
Remainder of title [ শিক্ষা-বিজ্ঞান ও শিক্ষা-দান-প্রণালী] /
Statement of responsibility, etc. রমণীরঞ্জন সেনগুপ্ত প্রণীত
250 ## - EDITION STATEMENT
Edition statement ৪র্থ সং.
260 ## - PUBLICATION, DISTRIBUTION, ETC. (IMPRINT)
Place of publication, distribution, etc. ঢাকা:
Name of publisher, distributor, etc. প্রেসিডেন্সি লাইব্রেরী,
Date of publication, distribution, etc. [১৯৫১]
300 ## - PHYSICAL DESCRIPTION
Pagination [১২], ৩৬৬ পৃ. ;
Size ১৮ সেমি.
650 ## - SUBJECT ADDED ENTRY--TOPICAL TERM
Topical term or geographic name as entry element শিক্ষা
Form subdivision দর্শন
9 (RLIN) 221116
Topical term or geographic name as entry element Education
Form subdivision Philosophy
9 (RLIN) 221117
942 ## - ADDED ENTRY ELEMENTS (KOHA)
Source of classification or shelving scheme Dewey Decimal Classification
Koha item type Rare Books
Holdings
Lost status Source of classification or shelving scheme Damaged status Not for loan Collection code Permanent Location Current Location Shelving location Date acquired Source of acquisition Cost, normal purchase price Total Checkouts Full call number Date last seen Copy number Koha item type
  Dewey Decimal Classification   Not For Loan Rare Books Central Library, University of Rajshahi Central Library, University of Rajshahi Rare Book Section 18/07/1968 Nowroze Kitabistan, Dacca 4.50   BRA 370.1 SES 1951 11/04/2018 C-1 Rare Books